Players who have won the Liga ang the Premier League - Statistics

General Stats
  • This quiz has been taken 8 times
  • The average score is 8 of 34
Answer Stats
Hint Answer % Correct
portugal Cristiano Ronaldo
86%
belgium Eden Hazard
71%
spain Ferran Torres
71%
belgium Thibaut Courtois
71%
france Thierry Henry
71%
england David Beckham
57%
spain Pedro
57%
portugal Deco
43%
spain Gerard Pique
43%
netherlands Arjen Robben
29%
brazil Belletti
29%
croatia Mateo Kovacic
29%
netherlands Ruud van Nistelrooy
29%
ivory coast Yaya Toure
29%
morocco Brahim Diaz
14%
spain Cesc Fabregas
14%
france Claude Makelele
14%
brazil Danilo
14%
spain Diego Costa
14%
spain Eric Garcia
14%
sweden Henrik Larsson
14%
montenegro Stefan Savic
14%
spain Antonio Reyes
0%
iceland Eidur Gudjohnsen
0%
brazil Filipe Luis
0%
argentina Gabriel Heinze
0%
cameroon Geremi Njitap
0%
netherlands Giovanni van Bronckhorst
0%
spain Javi Garcia
0%
spain Marcos Alonso
0%
argentina Martin Demichelis
0%
south africa Quinton Fortune
0%
portugal Ricardo Carvalho
0%
portugal Tiago
0%
No matching quizzes found
Score Distribution
Percent of People with Each Score
Percentile by Number Answered
Your Score History
You have not taken this quiz